000 00319nam a22001337a 4500
020 _a978-8122427233
041 _aENG
100 _aRao.S.S
245 _aEngineering Optimization Theory and Practice
260 _aNew Delhi
_bNew Age International
_c2000
300 _a903
650 _aSWCE
856 _uSWCE ( 24 )
999 _c1813
_d1813